The funny face fight / (Record no. 3876)

MARC details
000 -LEADER
fixed length control field 01086nam a22002657a 4500
001 - CONTROL NUMBER
control field 3876
003 - CONTROL NUMBER IDENTIFIER
control field FISKH
005 - DATE AND TIME OF LATEST TRANSACTION
control field 20240521160738.0
008 - FIXED-LENGTH DATA ELEMENTS--GENERAL INFORMATION
fixed length control field 240520b cb ||||| |||| 00| 0 eng d
040 ## - CATALOGING SOURCE
Original cataloging agency FISK
Language of cataloging eng
Transcribing agency FISK
Modifying agency FISK
050 ## - LIBRARY OF CONGRESS CALL NUMBER
Classification number PZ7.K2518
082 ## - DEWEY DECIMAL CLASSIFICATION NUMBER
Classification number 813
100 ## - MAIN ENTRY--PERSONAL NAME
Personal name Kehret Peg
Dates associated with a name 1936-
245 ## - TITLE STATEMENT
Title The funny face fight /
Remainder of title Carolyn Keene
260 ## - PUBLICATION, DISTRIBUTION, ETC.
Place of publication, distribution, etc. New York :
Name of publisher, distributor, etc. Minstrel Books,
Date of publication, distribution, etc. 1996
300 ## - PHYSICAL DESCRIPTION
Extent 72 pages :
Other physical details illustrations ;
Dimensions 20 cm
490 ## - SERIES STATEMENT
Series statement Nancy drew
Volume/sequential designation 14 number
505 ## - FORMATTED CONTENTS NOTE
Formatted contents note K
520 ## - SUMMARY, ETC.
Summary, etc. A FUNNY FACE IS NO JOKE! The race is on for president of Nancy's class, and three kids are in the running: Vicki Wolf, Jessie Shapiro, and Mike Minelli. But taking sides seems to mean making enemies, and now someone's playing dirty. Who put the silly mustache on the campaign poster? Nancy has to find out before election day because everybody's getting upset . . . and if everybody's mad, nobody wins!
521 8# - TARGET AUDIENCE NOTE
Target audience note 570 <br/>
Source Lexile<br/><br/>
521 8# - TARGET AUDIENCE NOTE
Target audience note K <br/><br/>
Source Raz-plus <br/>
700 ## - ADDED ENTRY--PERSONAL NAME
Personal name Carolyn Keene
942 ## - ADDED ENTRY ELEMENTS (KOHA)
Source of classification or shelving scheme Dewey Decimal Classification
Koha item type Books
Suppress in OPAC No
Holdings
Withdrawn status Lost status Source of classification or shelving scheme Damaged status Not for loan Collection Home library Current library Shelving location Date acquired Total Checkouts Full call number Barcode Date last seen Copy number Price effective from Koha item type
    Dewey Decimal Classification     Fiction Footprints International School Library Network Toul Kork Campus Footprints International School Library Network Toul Kork Campus   05/20/2024   KEE PN6071.L7 2024-0655 05/20/2024 1 05/20/2024 Books